00000000nam##2200000za#4500
0019.601566
003CaOODSP
00520230511091645
007cr |||||||||||
008150406|2009||||xxc|||||o    f|0| 0 fre|d
040 |aCaOODSP|bfre
043 |an-cn---
0861 |aYC26-0/402-9F-PDF
1101 |aCanada. |bParlement. |bSénat. |bComité sénatorial permanent de l'énergie, de l'environnement et des ressources naturelles.
24510|aRapport sur projet de loi C-10, Loi sur la protection des eaux navigables : |h[ressource électronique]|bneuvième rapport du Comité sénatorial permanent de l'énergie, de l'environnement et des ressources naturelles / |cSénateur W. David Angus, président; Sénateur Grant Mitchell, vice-président.
260 |aOttawa - Ontario : |bSénat. |cJuin 2009.
300 |a41p.|bfigures (certaines en couleur), références, tableaux
4901 |aRapport du Comité sénatorial permanent de l'énergie, de l'environnement et des ressources naturelles|v[40e législature, 2e session], 9e rapport
590 |a11-12-Supp|b2011-07-29
77508|tReport addressing Bill C-10, Navigable Waters Protection Act : |w(CaOODSP)9.570924
830#0|aRapport du Comité sénatorial permanent de l'énergie, de l'environnement et des ressources naturelles ;|v[40e législature, 2e session], 9e rapport|w(CaOODSP)9.502804
85640|ahttp://publications.gc.ca|qPDF|s721 Ko|uhttps://publications.gc.ca/collections/collection_2011/sen/yc26-0/YC26-0-402-9-fra.pdf|y[40e législature, 2e session], 9e rapport